000 00773nam a2200205 i 4500
001 46860
003 ES-MaACL
005 20230906161447.0
007 t|
008 030401s1962 sp ||||1| spa d
110 2 _aConsejo Económico Sindical Provincial (Almería)
_9164481
245 1 0 _aEstructura y posibilidades del desarrollo económico de Almería.
260 _aAlmería :
_bConsejo Económico Sindical de la Provincia,
_c1962.
300 _a507 p., 7 gráf. pleg. :
_bil. ;
_c31 cm.
490 1 _aSerie de Estudios Regionales y Provinciales ;
_v14
651 4 _aAlmería (Provincia)-
_xSituación económica.
_9164482
830 0 _aSerie de Estudios Regionales y Provinciales ;
_v14
_9229996
852 _aES-MaACL
_jF-1943
_bR.54154
999 _c46860
_d46860